Les plus grands gardiens n°1 du PSG. - Statistiques

Statistiques générales
  • Ce quiz a été pris 76 fois
    71 depuis la dernière actualisation
  • Le résultat moyen est 9 sur 12
Statistiques - réponses
Par images Réponse % Correct
Gianluigi Donnarumma
98%
Gianluigi Buffon
97%
Keylor Navas
95%
Alphonse Areola
90%
Kevin Trapp
90%
Salvatore Sirigu
85%
Bernard Lama
83%
Mickaël Landreau
78%
Nicolas Douchez
58%
Joël Bats
41%
Lionel Létizi
36%
Dominique Baratelli
19%
Aucun quiz correspondant
Distribution des résultats
% des personnes avec chaque résultat
Percentile par nombre de réponses
Votre historique - résultats
Vous n’avez pas pris ce quiz depuis la dernière actualisation